| 000 | 00419nam a2200193Ia 4500 | ||
|---|---|---|---|
| 999 |
_c1468 _d1468 |
||
| 003 | 0100 | ||
| 008 | 130227s9999 xx 000 0 und d | ||
| 040 | _cARRUPELIB | ||
| 050 | _aB831.2E18 1996 | ||
| 100 |
_aEagleton, Terry _934265 |
||
| 245 | 4 | _aThe illusion of postmodernism | |
| 260 |
_bBlackwell _aOxford _c1996 |
||
| 300 | _ax | ||
| 300 | _b 147p. 23cm. | ||
| 650 |
_aPostmodernism _934266 |
||
| 942 |
_2lcc _cMONOGRAPH |
||